PII : do the rules apply to you? (Record no. 102375)

MARC details
000 -LEADER
fixed length control field 00746cam a2200181 4500
001 - CONTROL NUMBER
control field J119721
008 - FIXED-LENGTH DATA ELEMENTS--GENERAL INFORMATION
fixed length control field 020917n2002 000 0 eng u
035 ## - SYSTEM CONTROL NUMBER
System control number (Sirsi) u119721
050 ## - LIBRARY OF CONGRESS CALL NUMBER
Classification number 368.5
110 ## - MAIN ENTRY--CORPORATE NAME
Corporate name or jurisdiction name as entry element Royal Institution of Chartered Surveyors
Subordinate unit Professional Regulation and Consumer Protection
9 (RLIN) 4348
245 ## - TITLE STATEMENT
Title PII : do the rules apply to you?
260 ## - PUBLICATION, DISTRIBUTION, ETC.
Place of publication, distribution, etc. Coventry
Name of publisher, distributor, etc. RICS
Date of publication, distribution, etc. 2002
520 ## - SUMMARY, ETC.
Summary, etc. Leaflet outlining who the RICS regulations on professional indemnity insurance apply to. Copies are available from Mark Southwell t +44 (0)20 7695 1625, e [email protected].
650 ## - SUBJECT ADDED ENTRY--TOPICAL TERM
Topical term or geographic name entry element INSURANCE MARKET
650 ## - SUBJECT ADDED ENTRY--TOPICAL TERM
Topical term or geographic name entry element PROFESSIONAL INDEMNITY INSURANCE
690 ## - LOCAL SUBJECT ADDED ENTRY--TOPICAL TERM (OCLC, RLIN)
Topical term or geographic name as entry element MANAGEMENT-BUSINESS MANAGEMENT-PROFESSIONAL PRACTICE
942 ## - ADDED ENTRY ELEMENTS (KOHA)
Suppress in OPAC 0
Holdings
Withdrawn status Lost status Source of classification or shelving scheme Damaged status Not for loan Home library Current library Shelving location Date acquired Total Checkouts Full call number Barcode Date last seen Copy number Price effective from Koha item type
    Dewey Decimal Classification     London London RICS Boxes 17/09/2002   RICS 2002/32 30066675 06/08/2019 1 06/08/2019 Archive
    Dewey Decimal Classification     London London RICS Boxes 17/09/2002   RICS 2002/32 30066676 06/08/2019 2 06/08/2019 Reference material
    Dewey Decimal Classification     London London RICS Boxes 17/09/2002   RICS 2002/32 30066677 06/08/2019 3 06/08/2019 Book